000
00252nam a22001217a 4500
008
171016b xxu||||| |||| 00| 0 eng d
041
_a
alb
080
_a
33
100
_a
52
101
_a
EKO
245
_a
HYRJE NE EKONOMI
_c
GRUDA,S
942
_2
udc
_c
BK
999
_c
34120
_d
34120